| 000 | 00387nam a2200133Ia 4500 | ||
|---|---|---|---|
| 008 | 211122s9999||||xx |||||||||||||| ||und|| | ||
| 082 |
_a894.8124 _bMUK-P |
||
| 100 | _aMukundan, M | ||
| 245 | 0 | _aPenakkannu | |
| 260 |
_bSahitya Pravarthaka Co-Operative Society _aKottayam |
||
| 630 | _xGeneral Stack | ||
| 650 |
_aMalayalam _vMALAYALAMMALAYALAM LITERATUREMALAYALAM ESSAY |
||
| 942 | _cBOOK | ||
| 999 |
_c127619 _d127619 |
||